Guess the country from it's picture- Medium - Statistics

General Stats
  • This quiz has been taken 33 times
  • The average score is 9 of 14
Answer Stats
Picture Answer % Correct
Japan
87%
Malaysia
83%
Netherlands
83%
Canada
78%
Mongolia
74%
Finland
70%
Maldives
70%
Portugal
70%
Cuba
61%
Chile
57%
Taiwan
52%
Saudi Arabia
48%
Spain
30%
New Zealand
26%
No matching quizzes found
Score Distribution
Percent of People with Each Score
Percentile by Number Answered
Your Score History
You have not taken this quiz